Nő-vel vagy anélkül? Kis nyelvőr

Bibliographic Details
Main Author: Szabómihály, Gizella, 1956- (Author)
Format: Article
Language:Hungarian
Subjects:

MARC

LEADER 00000nab a2200000 a 4500
001 vtls000569966
003 SK-MaSNL
005 20260318123837.0
008 160202c1995 xo 0 hun
015 |a SNBRB19rr/mm-uuuuu 
035 |a CL0570104 
040 |a SNKBUCL  |b slo  |c SNKBUCL  |e AACR2 
041 0 |a hun 
044 |a xo  |c SK 
080 |a 801.553:809.451.1-313.7  |2 1981 
080 |a 809.451.1-313.7  |2 1981 
080 |a 801.313.7  |2 1981 
100 1 |a Szabómihály, Gizella,  |d 1956-  |4 aut  |9 102332 
245 1 0 |a Nő-vel vagy anélkül?  |b Kis nyelvőr  |c Gizella Szabómihály 
650 0 7 |a maďarčina  |2 snkbucl  |9 1492 
650 0 7 |a morfológia  |2 snkbucl  |9 1322 
650 0 7 |a názvy povolaní a zamestnaní  |2 snkbucl  |9 19169 
655 7 |a články z novín a časopisov  |2 snkbucl  |9 267496 
773 0 |t Új szó  |g Roč. 48, č. 290 (15. 12. 1995), s. 6 
850 |a Slovenská národná knižnica v Martine  |a DSG001 
852 |a SNK  |b KIS3GCP 
958 |a RK 
958 |a HU 
958 |a SK 
992 |a RBX 
999 |c 2272811  |d 2274741